000
00226nam a2200097Ia 4500
001
734407
005
20250826163833.0
008
250824s9999 xx 000 0 und d
245
0
_a
ENVER PAŞA
_c
İLYAS KARA
260
_b
YEDİVEREN
999
_c
734407
_d
734407